Za prehrštie prekvapení (Majstrovstvá ČSSR vo volejbale)

Bibliographic Details
Format: Article
Language:Slovak
Subjects:

MARC

LEADER 00000nab a2200000 ar4500
001 vtls009143010
003 SK-MaSNL
005 20260303192511.0
008 070721c19731203xo mr|p|||||||000 b|slo
015 |a SNKBUCL2007/09  |2 snkbucl 
038 |a SNKBUCL 
040 |a SNKBUCL  |b slo  |c SNKBUCL  |e AACR2 
041 0 |a slo 
044 |a xo  |c SK 
080 |a 796.325.093.1  |x (437)  |2 2001 
245 0 0 |a Za prehrštie prekvapení  |b (Majstrovstvá ČSSR vo volejbale) 
611 2 7 |a Majstrovstvá ČSSR vo volejbale  |d (1973)  |2 snkbucl  |9 1223017 
650 0 7 |a volejbal  |2 snkbucl  |9 3294 
773 0 |t Šport  |g (3.12.1973), s. 5 
852 |a SNK  |b KIS3GCP 
999 |c 2146559  |d 2148489